| 000 | 00327 a2200145 4500 | ||
|---|---|---|---|
| 003 | Nust | ||
| 005 | 20170207164424.0 | ||
| 020 | _a09759992-0-6 | ||
| 040 | _cNust | ||
| 082 | _a621.382 | ||
| 245 |
_aVoIP Telephony with Asterisk (E BOOK) _cPaul Mahler |
||
| 300 | _a211p | ||
| 538 | _aE Book | ||
| 650 | _aVoIP Telephony with Asterisk | ||
| 942 |
_2ddc _cBK |
||
| 999 |
_c208927 _d208927 |
||